[Event "ROM-ch"]
[Site "Targu Mures"]
[Date "2014.05.04"]
[Round "11"]
[White "Georgescu, Ioan Gabriel"]
[Black "Nastase, Robert Paul"]
[Result "0-1"]
[WhiteElo "1926"]
[BlackElo "2107"]
[PlyCount "60"]
[EventDate "2014.04.26"]
[EventType "swiss"]
[EventRounds "11"]
[EventCountry "ROU"]
[SourceTitle "CBM 160 Extra"]
[Source "ChessBase"]
[SourceDate "2014.07.01"]
[SourceVersion "1"]
[SourceVersionDate "2014.07.01"]
[SourceQuality "1"]

1. d4 Nf6 2. c4 g6 3. Nc3 d5 4. Nf3 Bg7 5. Bg5 Ne4 6. Bh4 Nxc3 7. bxc3 dxc4 8. e3 Be6 9. Ng5 Bd5 10. e4 h6 11. exd5 hxg5 12. Bxg5 Qxd5 13. Be3 Nd7 14. Rb1 Nb6 15. a4 0-0-0 16. Be2 c6 17. 0-0 e5 18. a5 Qxa5 19. Ra1 Qxc3 20. Rxa7 exd4 21. Bf4 d3 22. Bf3 Be5 23. Bxe5 Qxe5 24. g3 Kb8 25. Re1 Qc5 26. Qa1 Rhe8 27. Rb1 Kc7 28. Qf6 Rd7 29. Rba1 c3 30. R1a5 Qc4 0-1

[Event "ROM-ch"]
[Site "Baile Olanesti"]
[Date "2013.02.23"]
[Round "10"]
[White "Georgescu, Ioan Gabriel"]
[Black "Banzea, Alexandru Bogdan"]
[Result "0-1"]
[WhiteElo "1992"]
[BlackElo "1808"]
[PlyCount "106"]
[EventDate "2013.02.16"]
[EventType "swiss"]
[EventRounds "11"]
[EventCountry "ROU"]
[SourceTitle "CBM 153 Extra"]
[Source "ChessBase"]
[SourceDate "2013.04.22"]
[SourceVersion "1"]
[SourceVersionDate "2013.04.22"]
[SourceQuality "1"]

1. d4 Nf6 2. Nf3 e6 3. e3 d5 4. Bd3 c5 5. b3 Nc6 6. a3 Bd6 7. Bb2 Qe7 8. Ne5 Bxe5 9. dxe5 Nd7 10. Qh5 b6 11. 0-0 Bb7 12. f4 0-0-0 13. Qe2 Kb8 14. Nc3 f6 15. exf6 gxf6 16. Ba6 Ba8 17. a4 Rhg8 18. Rf2 f5 19. a5 Rg6 20. axb6 axb6 21. Na4 Kc7 22. Nc3 Rdg8 23. Qd2 d4 24. Nb5+ Kb8 25. exd4 Nxd4 26. Nxd4 Rxg2+ 27. Rxg2 Rxg2+ 28. Qxg2 Bxg2 29. Kxg2 cxd4 30. Bxd4 Qb4 31. Bc4 Qd2+ 32. Bf2 Nf6 33. Rf1 Ng4 34. Kg1 Nxf2 35. Rxf2 Qe1+ 36. Kg2 Qe4+ 37. Kg1 e5 38. fxe5 Qxe5 39. Bd3 f4 40. Re2 Qg5+ 41. Rg2 Qc5+ 42. Rf2 h5 43. Kf1 Qe3 44. Be2 h4 45. Rf3 Qc1+ 46. Kf2 Kc7 47. Rh3 Kd6 48. Rxh4 Qe3+ 49. Kf1 f3 50. Bd3 Qg5 51. Re4 Qg2+ 52. Ke1 f2+ 53. Kd2 f1Q+ 0-1

[Event "ROM-ch"]
[Site "Baile Olanesti"]
[Date "2013.02.18"]
[Round "3"]
[White "Doncea, Vladimir"]
[Black "Georgescu, Ioan Gabriel"]
[Result "1-0"]
[WhiteElo "2431"]
[BlackElo "1992"]
[PlyCount "114"]
[EventDate "2013.02.16"]
[EventType "swiss"]
[EventRounds "11"]
[EventCountry "ROU"]
[SourceTitle "CBM 153 Extra"]
[Source "ChessBase"]
[SourceDate "2013.04.22"]
[SourceVersion "1"]
[SourceVersionDate "2013.04.22"]
[SourceQuality "1"]

1. d4 Nf6 2. c4 g6 3. g3 Bg7 4. Bg2 0-0 5. Nf3 d6 6. 0-0 Nc6 7. d5 Na5 8. Qa4 c5 9. Bd2 b6 10. Bxa5 bxa5 11. Nc3 Rb8 12. Qc2 e6 13. dxe6 Bxe6 14. Rad1 Bxc4 15. Ne5 Bb5 16. a4 Bd7 17. Rxd6 Bxa4 18. Qd2 Qe8 19. Nd3 Rc8 20. Ra1 Bc6 21. Rxc6 Rxc6 22. Bxc6 Qxc6 23. Rxa5 c4 24. Nf4 Qc7 25. Ra6 Rd8 26. Rxa7 Rxd2 27. Rxc7 Rxb2 28. Rc8+ Bf8 29. Rxc4 Bd6 30. Rd4 Be5 31. Rd8+ Kg7 32. Nd1 Ra2 33. Kf1 Bxf4 34. gxf4 Ra4 35. e3 Ra2 36. Rd4 Ra5 37. Nc3 Rh5 38. Kg2 Rc5 39. Nd1 Rc1 40. h3 Ra1 41. Nc3 Ra3 42. Ne2 Nh5 43. Rc4 Ra7 44. Nd4 Nf6 45. Nf3 Nd5 46. Ne5 f5 47. Rc2 h6 48. Rc6 Nf6 49. Rc2 Rb7 50. Kf3 Ra7 51. Ke2 Rb7 52. Kd3 Ne4 53. f3 Nf6 54. Rg2 Ng8 55. Rxg6+ Kh7 56. Rd6 Rb3+ 57. Kc4 Rxe3 1-0

[Event "Miercurea Ciuc Banc Post op 14th"]
[Site "Miercurea Ciuc"]
[Date "2011.08.14"]
[Round "3"]
[White "Szakats, Stefan"]
[Black "Georgescu, Ioan Gabriel"]
[Result "1/2-1/2"]
[WhiteElo "1848"]
[BlackElo "2040"]
[PlyCount "59"]
[EventDate "2011.08.12"]
[EventType "swiss"]
[EventRounds "9"]
[EventCountry "ROU"]
[SourceTitle "CBM 144 Extra"]
[Source "ChessBase"]
[SourceDate "2011.10.28"]
[SourceVersion "1"]
[SourceVersionDate "2011.10.28"]
[SourceQuality "1"]

1. e4 c5 2. Nf3 Nc6 3. d4 cxd4 4. Nxd4 Nf6 5. Nc3 e6 6. a3 d5 7. exd5 exd5 8. Bb5 Bd7 9. 0-0 Be7 10. Re1 0-0 11. Nf3 Bg4 12. h3 Bh5 13. g4 Bg6 14. Bxc6 bxc6 15. Ne5 Rc8 16. Bg5 Re8 17. Nxg6 hxg6 18. Qf3 Qb6 19. Rab1 Bf8 20. b4 a5 21. Rxe8 Rxe8 22. Bxf6 gxf6 23. b5 Bxa3 24. bxc6 Qxc6 25. Nxd5 Qxc2 26. Nxf6+ Kh8 27. Nxe8 Qxb1+ 28. Kg2 Be7 29. Qxf7 Qb7+ 30. Kf1 1/2-1/2

[Event "ROM-ch"]
[Site "Eforie Nord"]
[Date "2009.02.05"]
[Round "6"]
[White "Georgescu, Ioan Gabriel"]
[Black "Daianu, Cristian Clement"]
[Result "0-1"]
[WhiteElo "2044"]
[BlackElo "2286"]
[PlyCount "82"]
[EventDate "2009.01.31"]
[EventType "swiss"]
[EventRounds "9"]
[EventCountry "ROU"]
[SourceTitle "CBM 130 Extra"]
[Source "ChessBase"]
[SourceDate "2009.07.02"]
[SourceVersion "2"]
[SourceVersionDate "2009.07.15"]
[SourceQuality "1"]

1. d4 Nf6 2. Nf3 g6 3. c4 Bg7 4. Nc3 d5 5. Bg5 Ne4 6. cxd5 Nxc3 7. bxc3 Qxd5 8. Qb3 Qa5 9. e4 0-0 10. Bc4 Bxd4 11. Bxe7 Qxc3+ 12. Qxc3 Bxc3+ 13. Ke2 Re8 14. Rad1 Nc6 15. Bh4 Bg7 16. Ng5 Ne5 17. Bb3 h6 18. Nh3 Bg4+ 19. f3 Nxf3 20. gxf3 Bxh3 21. Rhg1 g5 22. Bg3 Rac8 23. Bf2 c5 24. Bd5 b6 25. Rg3 Be6 26. h4 Be5 27. Rgg1 f6 28. hxg5 hxg5 29. Be3 Kf7 30. Rgf1 Rh8 31. Rh1 Ke7 32. Bb7 Rb8 33. Bc6 Rxh1 34. Rxh1 Bxa2 35. Bb5 a6 36. Rh7+ Kd6 37. Bxa6 b5 38. Bb7 Bc4+ 39. Kd2 b4 40. Bd5 Bxd5 41. exd5 Kxd5 0-1

[Event "ROM-ch"]
[Site "Eforie Nord"]
[Date "2009.02.03"]
[Round "4"]
[White "Petrisor, Adrian Marian"]
[Black "Georgescu, Ioan Gabriel"]
[Result "1-0"]
[WhiteElo "2242"]
[BlackElo "2044"]
[PlyCount "61"]
[EventDate "2009.01.31"]
[EventType "swiss"]
[EventRounds "9"]
[EventCountry "ROU"]
[SourceTitle "CBM 130 Extra"]
[Source "ChessBase"]
[SourceDate "2009.07.02"]
[SourceVersion "2"]
[SourceVersionDate "2009.07.15"]
[SourceQuality "1"]

1. e4 c5 2. Nf3 Nc6 3. d4 cxd4 4. Nxd4 Nf6 5. Nc3 e6 6. a3 d5 7. Bb5 Qd6 8. 0-0 a6 9. e5 Qxe5 10. Nxc6 Qc7 11. Nd4+ axb5 12. Ndxb5 Qb8 13. Qd4 Bd6 14. Nxd6+ Qxd6 15. Bf4 Qc6 16. Be5 Bd7 17. Rfe1 Kf8 18. Qb4+ Kg8 19. Bxf6 gxf6 20. Re3 h6 21. Rg3+ Kh7 22. Qe7 Raf8 23. Qxf6 Rhg8 24. Re1 Rxg3 25. hxg3 Qb6 26. Nxd5 Qa5 27. Re5 exd5 28. Rh5 Qe1+ 29. Kh2 Qe6 30. Rxh6+ Kg8 31. Rh8# 1-0

[Event "ROM-ch"]
[Site "Eforie Nord"]
[Date "2009.02.02"]
[Round "2"]
[White "Taras, Iulian Ioan"]
[Black "Georgescu, Ioan Gabriel"]
[Result "1-0"]
[WhiteElo "2282"]
[BlackElo "2044"]
[PlyCount "63"]
[EventDate "2009.01.31"]
[EventType "swiss"]
[EventRounds "9"]
[EventCountry "ROU"]
[SourceTitle "CBM 130 Extra"]
[Source "ChessBase"]
[SourceDate "2009.07.02"]
[SourceVersion "2"]
[SourceVersionDate "2009.07.15"]
[SourceQuality "1"]

1. d4 Nf6 2. c4 e6 3. Nc3 Bb4 4. f3 d5 5. a3 Be7 6. e4 dxe4 7. fxe4 e5 8. d5 Bc5 9. Nf3 Bg4 10. Be2 Nbd7 11. Bg5 Bxf3 12. Bxf3 a6 13. Qc2 0-0 14. Rf1 Rb8 15. Rd1 b5 16. b4 Bd4 17. c5 Bxc3+ 18. Qxc3 Nxe4 19. Bxd8 Nxc3 20. Bxc7 Nxd1 21. Kxd1 f5 22. Bxb8 Rxb8 23. d6 e4 24. Be2 g6 25. g4 Rf8 26. gxf5 gxf5 27. a4 Ne5 28. axb5 axb5 29. Bxb5 Rb8 30. Rxf5 Rxb5 31. Rxe5 Rxb4 32. Rd5 1-0

[Event "Eforie Nord op"]
[Site "Eforie Nord"]
[Date "2002.??.??"]
[Round "4"]
[White "Georgescu, Ioan Gabriel"]
[Black "Rozanov, Pavel B"]
[Result "1/2-1/2"]
[WhiteElo "2128"]
[BlackElo "2316"]
[PlyCount "35"]
[EventDate "2002.??.??"]
[EventType "swiss"]
[EventRounds "11"]
[EventCountry "ROU"]
[SourceTitle "EXT 2003"]
[Source "ChessBase"]
[SourceDate "2002.11.25"]
[SourceVersion "1"]
[SourceVersionDate "2002.11.25"]
[SourceQuality "1"]

1. e4 Nc6 2. d4 d5 3. e5 f6 4. f4 Bf5 5. c3 Nh6 6. Ne2 fxe5 7. fxe5 e6 8. Ng3 Qh4 9. Nd2 Bg4 10. Nf3 Bxf3 11. Qxf3 Nf5 12. Qh5+ g6 13. Qxh4 Nxh4 14. Bg5 Be7 15. Bxh4 Bxh4 16. Bb5 Kd7 17. Ke2 Rac8 18. Rac1 1/2-1/2